000 00570nam a22001937a 4500
005 20240131142018.0
008 240131b |||||||| |||| 00| 0 eng d
020 _a9780323091770
082 _a617.522
_bHUP-C
100 _aHupp, James R.
245 _aContemporary oral and maxillofacial surgery /
_cHupp, James R.; Ellis, Edward.; Tucker, Myron R.
250 _a6th ed.
260 _aIndia :
_bElsevier ;
_c2014 .
300 _axiv, 703 p. :
_bill;
_c27.5 cm.
500 _aInclude Index.
650 _aDentistry/Medical
700 _aEllis, Edward.
999 _c35128
_d35128